| 000 | 00527nam a2200193 a 4500 | ||
|---|---|---|---|
| 001 | 19141 | ||
| 003 | CO-ViMGA | ||
| 008 | 141112s2004 ck r 000 u spa d | ||
| 020 | _a9681641159 | ||
| 040 |
_aCO-ViMGA _bspa _cCO-ViMGA |
||
| 082 | 0 | 4 | _aROSu |
| 100 | 1 |
_aRoss, Tony _954809 |
|
| 245 | 1 | 0 | _aUn cuento de hadas |
| 260 |
_aMexico : _bFondo de Cultura Ecónomica; 1995 |
||
| 490 | _aA la orilla del viento | ||
| 590 | _aForma de adquisición : Premio Mincultura | ||
| 650 | 1 | 4 |
_aCUENTOS INFANTILES _92743 |
| 942 |
_2ddc _cBK |
||
| 999 |
_c28310 _d28310 |
||